| 000 | 00377nam a22001337a 4500 | ||
|---|---|---|---|
| 020 | _a978-81-89975-43-2 | ||
| 082 |
_a823 _bCAN/C |
||
| 100 | _aJACK CANFIELD, MARK VICTOR HANSEN, RAKSHA BHARADIA | ||
| 245 | _aCHICKEN SOUP FOR THE INDIAN SOUL | ||
| 260 |
_aINDIA _bWESTLAND LTD _c2008 |
||
| 300 | _a302 | ||
| 650 |
_aOPEN THE HEART AND REKINDLE THE SPIRIT _zUNITED STATES |
||
| 942 | _cBK | ||
| 999 |
_c14 _d14 |
||